000 00477nam a22001937a 4500
003 MPLRDC
005 20220104153022.0
008 210129b ||||| |||| 00| 0 eng d
020 _a957-522-233-4
082 _a855 LZC v.4
100 _a罗智成著
245 _a文明初启
_c
250 _a初版
260 _a
_b联合文学
_c1999
300 _b
490 _a罗智成作品集4; 评论与序
650 _a散文;随笔、日记
942 _cBK
_o855 LZC v.4
999 _c53213
_d53203